Most Isolated Colorado 14ers - Statistics

General Stats
  • This quiz has been taken 8 times
  • The average score is 5 of 6
Answer Stats
Elevation Mountain Nearest Neighbor Distance % Correct
14,259 ft Longs Peak Torreys Peak 44 mi
100%
14,115 ft Pikes Peak Mount Blue Sky 61 mi
100%
14,011 ft Mount of the Holy Cross Mount Massive 19 mi
75%
14,022 ft San Luis Peak Redcloud Peak 27 mi
75%
14,053 ft Culebra Peak Mount Lindsey 35 mi
63%
14,158 ft Mount Sneffels Wilson Peak 14 mi
63%
No matching quizzes found
Score Distribution
Percent of People with Each Score
Percentile by Number Answered
Your Score History
You have not taken this quiz